Анализ применимости динамографов с прямым и косвенным способами измерения нагрузки на полированный шток и его перемещения; Нефтяное хозяйство; № 9

Dettagli Bibliografici
Parent link:Нефтяное хозяйство: научно-технический производственный журнал.— , 1925-1940, 1946-.— 0028-2448
№ 9.— 2003.— С. 78-81
Autore principale: Гаус П. О.
Altri autori: Лавров В. В.
Lingua:russo
Pubblicazione: 2003
Serie:Нефтепромысловое оборудовние
Soggetti:
Natura: MixedMaterials Capitolo di libro
KOHA link:https://koha.lib.tpu.ru/cgi-bin/koha/opac-detail.pl?biblionumber=388551

MARC

LEADER 00000naa2a2200000 4500
001 388551
005 20231101063749.0
035 |a (RuTPU)RU\TPU\prd\19819 
090 |a 388551 
100 |a 20031120a2003 k y0rusy50 ca 
101 0 |a rus 
102 |a RU 
200 1 |a Анализ применимости динамографов с прямым и косвенным способами измерения нагрузки на полированный шток и его перемещения  |f П. О. Гаус, В. В. Лавров 
225 1 |a Нефтепромысловое оборудовние 
320 |a Библиогр.: 5 назв. 
461 1 |0 (RuTPU)RU\TPU\prd\1638  |x 0028-2448  |t Нефтяное хозяйство  |o научно-технический производственный журнал  |d 1925-1940, 1946- 
463 1 |0 (RuTPU)RU\TPU\prd\19234  |t № 9  |v С. 78-81  |d 2003 
610 1 |a штанговые глубиннонасосные установки 
610 1 |a динамографы 
610 1 |a перемещение 
610 1 |a нагрузки 
610 1 |a измерения 
675 |a 622.276.53.057:531.784  |v 3 
700 1 |a Гаус  |b П. О. 
701 1 |a Лавров  |b В. В. 
801 1 |a RU  |b 63413507  |c 20031120  |g PSBO 
801 2 |a RU  |b 63413507  |c 20131028  |g RCR 
942 |c BK